000 01309pam a2200373 a 4500
999 _c7919
_d7919
001 7919
003 BD-JhCC
005 20180215122157.0
008 981102r19991987inua 001 0aeng
020 _a0253335396 (cl : alk. paper)
020 _a0253213010 (pa : alk. paper)
035 _a(DLC) 98043865
_a(BD-JhCC)7919
040 _aDLC
_cDLC
_dDLC
_dBD-JhCC
041 _aeng
050 0 0 _aDS556.93.B85
_bA3 1999
082 0 0 _a959.704
_221
_bBUI 1999
100 1 _aBui, Diem.
245 1 0 _aIn the jaws of history /
_cBui Diem with David Chanoff ; foreword by Jane Hamilton-Merritt.
260 _aBloomington :
_bIndiana University Press,
_c1999.
300 _axiv, 367 p. :
_billus. ;
_c24 cm.
440 0 _aVietnam war era classics series
500 _aOriginally published: Boston : Houghton Mifflin, 1987.
500 _aIncludes index.
600 1 0 _aBui, Diem.
650 0 _aVietnam War, 1961-1975.
650 0 _aAmbassadors
_zVietnam (Republic)
_vBiography.
651 0 _aVietnam (Republic)
_xPolitics and government.
651 0 _aVietnam (Republic)
_xForeign relations
_zUnited States.
651 0 _aUnited States
_xForeign relations
_zVietnam (Republic).
651 0 _aUnited States
_xForeign relations
_y1945-1989.
700 1 _aChanoff, David.
942 _2ddc
_cBK